Circuitos : ingeniería, conceptos y análisis de circuitos eléctricos lineales /

Obra introductoria al estudio de los circuitos eléctricos lineales. Contenido: Variables y leyes de circuitos; Propiedades de los circuitos resistivos; Aplicaciones de los circuitos resistivos; Métodos e análisis sistemático; Almacenamiento de energía y circuitos dinámicos; Circuitos de ca; Potencia...

Descripció completa

Guardat en:
Dades bibliogràfiques
Autor principal: Carlson, A. Bruce (autor)
Format: Llibre
Idioma:espanyol
Publicat: México : Thomson, 2001, c2001
Col·lecció:(Ciencias e Ingenierías)
Matèries:
Etiquetes: Afegir etiqueta
Sense etiquetes, Sigues el primer a etiquetar aquest registre!

MARC

LEADER 00000nam^a2200000^a^4500
001 000152658
005 20250521000000.0
009 20260310100251.802
020 |a 970-686-033-9 
037 |a Acervo ITESO - Biblioteca 
041 |a ESP 
082 |a 621. 3  |b CAR 
100 |a Carlson, A. Bruce  |e (autor) 
245 1 0 |a Circuitos :  |b ingeniería, conceptos y análisis de circuitos eléctricos lineales /  |c A.B. Carlson ; tr. por Rodolfo Navarro Salas. 
264 4 |a México :  |b Thomson,  |c 2001, c2001 
300 |a XX, 840 p. 
336 |a texto  |b txt  |2 rdacontenido 
337 |a sin mediación  |b n  |2 rdamedio 
338 |a volumen  |b nc  |2 rdasoporte 
440 1 |a (Ciencias e Ingenierías) 
500 |a Traducción de: Circuits 
520 |a Obra introductoria al estudio de los circuitos eléctricos lineales. Contenido: Variables y leyes de circuitos; Propiedades de los circuitos resistivos; Aplicaciones de los circuitos resistivos; Métodos e análisis sistemático; Almacenamiento de energía y circuitos dinámicos; Circuitos de ca; Potencia de ca y circuitos trifásicos; Transformadores e inductancia mutua; Respuesta transitoria; Funciones de red y análisis del dominio s; Respuesta de frecuencia y filtros; Análisis mediante las series de Fourier; Análisis mediante transformadas de Laplace; Redes de dos puertos; Análisis con variables de estado; Algebra matricial; Análisis de circuitos con PSPICE; Análisis de circuitos con Matlab. 
649 |a XX 
650 |a Circuitos Eléctricos 
650 |a Resistencias 
650 |a Transformadores 
650 |a Líneas de Transmisión 
650 |a Inductancia 
650 |a Resistencia Eléctrica 
650 |a Corrientes Eléctricas 
650 |a Matrices (Matemáticas) 
650 |a Series de Fourier 
650 |a Análisis de Fourier 
650 |a Transformaciones de Laplace 
650 |a Transformaciones (Matemáticas) 
650 |a Análisis Funcional 
650 |a Análisis Matemático 
650 |a Algebra Lineal 
650 |a Electricidad 
650 |a Ingeniería Eléctrica 
910 |a Fondo General 
920 |a Impresos - Libros 
930 |a Colección General 
905 |a 101 
901 |a 0500081266  |b IT1  |c ACC  |u 20250521 
901 |a 0500097955  |b IT1  |c ACC  |u 20250521 
901 |a 0500097952  |b IT1  |c ACC  |u 20250521 
901 |a 0500097978  |b IT1  |c ACC  |u 20250521 
902 |a https://opac.biblio.iteso.mx/vufind/Record/000152658